Silent Letter Vocabulary A-Z - Statistics

General Stats
  • This quiz has been taken 81 times
  • The average score is 9 of 22
Answer Stats
Silent Letter Definition Answer % Correct
L A young cow or bull Calf
73%
D Small cloth used to wipe one's nose Handkerchief
66%
K Patella Knee
66%
S Long, narrow space between rows of seats Aisle
61%
H A person who inherits from an ancestor Heir
61%
J Psychoactive drug high in THC Marijuana
56%
O Military rank below brigadier general Colonel
54%
X Artificial; fake Faux
49%
W Containing all components; complete Whole
49%
G To give out as a task; allot Assign
44%
M Technique or device used to aid memory Mnemonic
44%
B Yield to an overwhelming desire Succumb
44%
Z A meeting at a prearranged time and place Rendezvous
41%
E To throw someone out of a window Defenestrate
40%
P Run by or using compressed air Pneumatic
27%
T To settle snugly and comfortably Nestle
26%
C To accuse of wrongdoing Indict
20%
Q Glossy, resinous material used for coating Lacquer
20%
A Thin strand, cord, or filament Thread
20%
U The prevailing fashion, practice, or style Vogue
19%
N To express strong disapproval of Condemn
17%
I The activity of buying and selling Business
9%
No matching quizzes found
Score Distribution
Percent of People with Each Score
Percentile by Number Answered
Your Score History
You have not taken this quiz